| 000 | 00844nam a22002537a 4500 | ||
|---|---|---|---|
| 003 | DO-SdBNP | ||
| 005 | 20260305073959.0 | ||
| 007 | ta | ||
| 008 | 220203b2018 dr ac||| |||| 00| 0 spa d | ||
| 020 | _a9789945091489 | ||
| 040 |
_aDO-SdBNP _bspa _cBNPHU |
||
| 082 | 4 |
_222 _bL817d |
|
| 245 | 1 | 0 |
_aDemocracia y derecho / _cÁngel Lockward Mella ; cuidado de edición Cándido Gerón. |
| 260 |
_aSanto Domingo : _bCentenario, _c2018. |
||
| 300 |
_a234 p. : _bil., retrs. ; _c23 cm. |
||
| 500 | _aIncluye datos biográficos del autor en las solapas. | ||
| 500 | _aIncluye referencias bibliográficas y notas al pie de las páginas. | ||
| 500 | _aIncluye índice onomástico | ||
| 504 | _aBibliografía : p. 183 | ||
| 590 | _aInventariado, 2022 /LP | ||
| 700 | 1 |
_aGerón, Candido, _d1948- _93577 |
|
| 910 | _aLopérez. | ||
| 942 |
_2ddc _cLBS1 |
||
| 999 |
_c51323 _d51323 |
||